[Event "Challenge"]
[Site "http://www.queenalice.com/game.php?id=519678"]
[Date "2009.1.9"]
[Round "-"]
[White "kingmartinIII"]
[Black "KingBurn_Hard"]
[Result "0-1"]
[WhiteElo "1500"]
[BlackElo "1100"]

1. e4 d5 2. exd5 Qxd5 3. c4 Qe6+ 4. Be2 Nf6 5. h3 b6 6. d4 Ba6 7. b3 b5 8. cxb5
Bxb5 9. a4 Ba6 10. Nf3 g5 11. O-O Bxe2 12. Qe1 Bxf1 13. Qxf1 Bh6 14. Bxg5 Ne4
15. Bxh6 Qxh6 16. Qb5+ Kf8 17. Qb7 Qc1+ 18. Kh2 Qc6 19. Qxc6 Nxc6 20. Ne5 Rd8
21. Na3 Nxd4 22. g4 Nxf2 23. Rf1 f6 24. Rxf2 Rd5 25. Nec4 Rg8 26. Rg2 Nf3+ 27.
Kg3 Rd3 28. Rf2 Ng1+ 29. Kg2 Nxh3 30. Nc2 Rxg4+ 31. Kf1 Nf4 32. Ne1 Rd1 33. Ne3
Rg1+ 34. Kxg1 Rxe1+ 35. Nf1 Nh3+ 36. Kg2 Ng5 37. Nd2 e5 38. Nc4 h5 39. Rxf6+ Kg7
40. Re6 Nxe6 41. Kf2 Re4 42. Nd2 Rf4+ 43. Ke3 e4 44. Nxe4 h4 45. a5 h3 0-1

[Event "Challenge"]
[Site "http://www.queenalice.com/game.php?id=533640"]
[Date "2009.2.2"]
[Round "-"]
[White "kingmartinIII"]
[Black "KingBurn_Hard"]
[Result "1-0"]
[WhiteElo "1500"]
[BlackElo "1100"]

1. e4 d5 2. exd5 Qxd5 3. c4 Qa5 4. Nc3 Qe5+ 5. Nge2 Nc6 6. f4 Qc5 7. d4 Qxc4 8.
b3 Qe6 9. d5 Qf6 10. g3 Nb4 11. Bg2 Bf5 12. O-O Nc2 13. Rb1 Ne3 14. Bxe3 Bxb1
15. Nxb1 O-O-O 16. Nbc3 b6 17. Nb5 Kb8 18. Ned4 Kb7 19. Nc6 Rd7 20. Nbxa7 Qc3
21. Bc1 e6 22. Nb5 Qc5+ 23. Kh1 Qxb5 24. h4 exd5 25. Nd4 Bc5 26. Nxb5 Nf6 27. f5
Ng4 28. Qxg4 g6 29. fxg6 Kc6 30. Nc3 Rhd8 31. Qa4+ Kd6 32. Bf4+ Ke7 33. gxh7 d4
34. Re1+ Kf8 35. Bh6# 1-0

[Event "Challenge"]
[Site "http://www.queenalice.com/game.php?id=569883"]
[Date "2009.4.10"]
[Round "-"]
[White "kingmartinIII"]
[Black "KingBurn_Hard"]
[Result "1-0"]
[WhiteElo "1500"]
[BlackElo "1100"]

1. e4 e5 2. d4 d5 3. dxe5 dxe4 4. a4 Nc6 5. Bb5 g5 6. Ne2 a6 7. Bxc6+ bxc6 8.
O-O Bc5 9. Be3 Qd5 10. Nbc3 Qxe5 11. Bxc5 Qxc5 12. Nxe4 Qe5 13. N4c3 Bf5 14. Re1
Nf6 15. Ng3 Be4 16. Ncxe4 O-O 17. h3 Rad8 18. Qf3 Nd5 19. Nc3 Qd4 20. Nf5 Qb4
21. Kh2 Qxb2 22. Nxd5 Rxd5 23. Rab1 Qxc2 24. Nh6+ Kg7 25. Ng4 f5 26. Ne3 g4 27.
hxg4 Qd2 28. Nxf5+ Kg6 29. Re6+ Rf6 30. Ne7+ Kf7 31. Qxf6+ Ke8 32. Nxd5+ Kd7 33.
Qe7+ Kc8 34. Qxc7# 1-0

[Event "Challenge"]
[Site "http://www.queenalice.com/game.php?id=572722"]
[Date "2009.4.16"]
[Round "-"]
[White "kingmartinIII"]
[Black "KingBurn_Hard"]
[Result "0-1"]
[WhiteElo "1500"]
[BlackElo "1100"]

1. e4 e5 2. d3 c5 3. a4 d6 4. c4 Nh6 5. Bxh6 gxh6 6. Nf3 Bg4 7. h3 Bxf3 8. Qxf3
Nc6 9. Qd1 Nd4 10. Nc3 Qb6 11. Nd5 Qxb2 12. Be2 Nc2+ 13. Kf1 Nxa1 14. Nc7+ Kd8
15. Nxa8 Qd4 16. g3 Be7 17. Kg2 Rg8 18. Bg4 h5 19. Bxh5 d5 20. Bxf7 Rf8 21. Qf3
dxe4 22. Qe3 Rxf7 23. Qxd4+ exd4 24. Rxa1 e3 25. fxe3 dxe3 26. Re1 Rf2+ 27. Kg1
Rf3 28. g4 Bh4 29. Rb1 e2 30. Kg2 Rxd3 31. Rxb7 Rg3+ 32. Kf2 Rb3+ 33. Kxe2 Rxb7
34. a5 Rb4 35. g5 Rxc4 36. Kf3 Rc3+ 37. Kg4 Be1 38. h4 c4 39. h5 Ra3 40. g6 hxg6
41. hxg6 Rg3+ 42. Kf4 Rxg6 0-1

[Event "Challenge"]
[Site "http://www.queenalice.com/game.php?id=589272"]
[Date "2009.5.16"]
[Round "-"]
[White "kingmartinIII"]
[Black "KingBurn_Hard"]
[Result "0-1"]
[WhiteElo "1500"]
[BlackElo "1100"]

1. e4 Nf6 2. e5 Nd5 3. c4 Nf4 4. g3 Nh5 5. Be2 g6 6. d3 c5 7. Nf3 f6 8. g4 Ng7
9. d4 Nc6 10. dxc5 fxe5 11. Bg5 Ne6 12. h4 Ncd4 13. O-O h6 14. Be3 Nc6 15. Bd2
e4 16. Nh2 Bg7 17. Bc3 b6 18. Nd2 O-O 19. Nxe4 Nf4 20. Qc2 d5 21. cxd5 Qxd5 22.
Qb3 Be6 23. Qxd5 Bxd5 24. Nd2 Nh3# 0-1

[Event "Challenge"]
[Site "http://www.queenalice.com/game.php?id=605992"]
[Date "2009.6.19"]
[Round "-"]
[White "kingmartinIII"]
[Black "KingBurn_Hard"]
[Result "0-1"]
[WhiteElo "1500"]
[BlackElo "1100"]

1. e4 e5 2. Nf3 Nc6 3. d4 exd4 4. Nxd4 Nxd4 5. Qxd4 c5 6. Qd5 Nf6 7. Qd1 Nxe4 8.
f3 Nd6 9. b3 b5 10. a4 c4 11. bxc4 bxc4 12. Bf4 Nf5 13. Qd5 Qf6 14. Be5 Ne3 15.
Qe4 Nxc2+ 16. Qxc2 Qxe5+ 17. Be2 Bb4+ 18. Nd2 Qxa1+ 19. Qd1 Bc3 20. O-O Bd4+ 21.
Kh1 Rb8 22. Qxa1 Bxa1 23. Rxa1 c3 24. Ne4 c2 25. Rc1 Rb1 26. Rxb1 cxb1=Q+ 27.
Bf1 Qxf1# 0-1

[Event "Challenge"]
[Site "http://www.queenalice.com/game.php?id=620264"]
[Date "2009.7.17"]
[Round "-"]
[White "kingmartinIII"]
[Black "KingBurn_Hard"]
[Result "1-0"]
[WhiteElo "1500"]
[BlackElo "1100"]

1. e4 d5 2. exd5 Qxd5 3. c4 Qe5+ 4. Be2 a6 5. Nf3 Qe6 6. O-O Nh6 7. d4 c6 8. Ng5
Qf5 9. c5 f6 10. Nf3 e5 11. Nh4 Qf4 12. Bxf4 exf4 13. Re1 g5 14. Bh5+ Kd8 15.
Re8+ Kc7 16. d5 Nf5 17. Nxf5 Bxf5 18. Nc3 Bg6 19. Bxg6 hxg6 20. Qe1 g4 21. Qe6
Nd7 22. Rxa8 Nxc5 23. Qc8+ Kb6 24. a4 a5 25. dxc6 bxc6 26. Qd8+ Kb7 27. Qb8# 1-0

[Event "Challenge"]
[Site "http://www.queenalice.com/game.php?id=639430"]
[Date "2009.8.20"]
[Round "-"]
[White "kingmartinIII"]
[Black "KingBurn_Hard"]
[Result "0-1"]
[WhiteElo "1500"]
[BlackElo "1158"]

1. e4 e5 2. d4 d5 3. dxe5 dxe4 4. f3 Nc6 5. fxe4 Nxe5 6. Bf4 Ng4 7. h3 Ne3 8.
Bxe3 Nf6 9. Nc3 c5 10. Bc4 Qa5 11. Nf3 Qc7 12. O-O Bd6 13. Ng5 Be6 14. Bxe6 fxe6
15. Nxe6 Qf7 16. Qxd6 Qe7 17. Rad1 b5 18. Nxb5 Kf7 19. Bg5 h6 20. Bxf6 gxf6 21.
Nec7 Rad8 22. Qxc5 Qxc5+ 23. Kh1 a6 24. Rd5 Qe7 25. Nc3 Qxc7 26. Rdf5 Kg8 27.
Rxf6 Kg7 28. Nd5 Qe5 29. Rf7+ Kg6 30. R7f6+ Kg5 31. Ne3 Qxe4 32. R6f5+ Kg6 33.
Ng4 Qxf5 34. Rxf5 Kxf5 35. Ne3+ Kf4 36. Nc4 Rd1+ 37. Kh2 Re8 38. a4 Ree1 39. h4
Rh1# 0-1

[Event "Challenge"]
[Site "http://www.queenalice.com/game.php?id=639531"]
[Date "2009.8.20"]
[Round "-"]
[White "thomas01"]
[Black "KingBurn_Hard"]
[Result "0-1"]
[WhiteElo "1341"]
[BlackElo "1100"]

1. e4 e5 2. d4 d5 3. Nc3 dxe4 4. Nxe4 Qxd4 5. Qxd4 exd4 6. Nf3 Bf5 7. Bd3 Nf6 8.
Neg5 Bb4+ 9. Bd2 h6 10. Bxb4 Bxd3 11. cxd3 Nc6 12. Ba3 b5 13. b4 hxg5 14. Nxg5
O-O 15. O-O a5 16. Rab1 axb4 17. Bc1 Ne5 18. Rxb4 Nxd3 19. Bd2 Rxa2 20. Rd1 Rfa8
21. Rxd4 Ra1 22. Rxa1 Rxa1+ 23. Bc1 Rxc1# 0-1

[Event "Challenge"]
[Site "http://www.queenalice.com/game.php?id=654741"]
[Date "2009.9.19"]
[Round "-"]
[White "kingmartinIII"]
[Black "KingBurn_Hard"]
[Result "1-0"]
[WhiteElo "1464"]
[BlackElo "1201"]

1. e4 c5 2. Bc4 e6 3. a4 d5 4. exd5 exd5 5. Bb5+ Bd7 6. Nf3 c4 7. O-O a6 8.
Bxd7+ Nxd7 9. d3 b5 10. axb5 axb5 11. Rxa8 Qxa8 12. Nc3 Qb8 13. Nxd5 Qd8 14.
Re1+ Be7 15. g3 Ngf6 16. Qe2 Nxd5 17. dxc4 bxc4 18. Qxc4 N7b6 19. Qg4 O-O 20.
Bh6 Bf6 21. Bxg7 Bxg7 22. Qh5 Nf6 23. Qf5 Qd5 24. Qxd5 Nbxd5 25. c4 Nb4 26. c5
Re8 27. Ra1 Nc2 28. Ra7 Ne4 29. c6 Bh6 30. c7 Nd2 31. Nh4 Ne1 32. Nf5 Ndf3+ 33.
Kf1 Nxh2+ 34. Kg1 Nef3+ 35. Kg2 Bc1 36. b4 h5 37. b5 h4 38. b6 Rc8 39. Nd6 Rf8
40. c8=Q Rxc8 41. Nxc8 hxg3 42. fxg3 f5 43. b7 Be3 44. Ra8 f4 45. Nd6+ Kg7 46.
b8=Q Ne1+ 47. Kxh2 f3 48. Qg8+ Kf6 49. Qf7+ Ke5 50. Qe7+ Kd4 51. Nf5+ Kc3 52.
Qxe3+ 1-0

[Event "Challenge"]
[Site "http://www.queenalice.com/game.php?id=655485"]
[Date "2009.9.20"]
[Round "-"]
[White "KingBurn_Hard"]
[Black "thedead"]
[Result "0-1"]
[WhiteElo "1220"]
[BlackElo "1373"]

1. e4 e5 2. Nf3 Nc6 3. d4 exd4 4. Nxd4 Qh4 5. Nc3 Ne5 6. g3 Qd8 7. f4 Ng6 8. f5
Ne5 9. Bf4 d6 10. h4 Be7 11. Nd5 Nf6 12. Qe2 c6 13. Nc3 Qb6 14. O-O-O Bd7 15.
Na4 Qa5 16. b3 O-O 17. Bd2 Qc7 18. Bh3 d5 19. Nc5 Bxc5 20. Nf3 Nxf3 21. Qxf3
Nxe4 22. Bf4 Qa5 23. b4 Bxb4 24. c4 Qxa2 25. Qg4 Ba3# 0-1

[Event "Challenge"]
[Site "http://www.queenalice.com/game.php?id=665006"]
[Date "2009.10.9"]
[Round "-"]
[White "KingBurn_Hard"]
[Black "thomas01"]
[Result "1-0"]
[WhiteElo "1234"]
[BlackElo "1457"]

1. e4 e5 2. Bc4 c5 3. Qf3 f6 4. Nc3 Nc6 5. Nd5 Nd4 6. Qc3 d6 7. Bb5+ Nxb5 8. Qg3
Be6 9. c4 Nd4 10. f4 Nc2+ 11. Kd1 Nxa1 12. f5 Bxd5 13. exd5 Nh6 14. d3 Nxf5 15.
Qg4 g6 16. h4 Nd4 17. b4 h5 18. Bb2 f5 19. Qxg6+ Kd7 20. Bxa1 Be7 21. bxc5 dxc5
22. Nf3 Rg8 23. Qxh5 Rxg2 24. Nxe5+ Kd6 25. Nf7+ Kd7 26. Nxd8 Rxd8 27. Qf7 Nc2
28. Bf6 Ne3+ 29. Kc1 Rc2+ 30. Kb1 Re8 31. Qe6+ Kd8 32. d6 Rxc4 33. Bxe7+ Rxe7
34. Qxe7+ Kc8 35. Qc7# 1-0

[Event "Challenge"]
[Site "http://www.queenalice.com/game.php?id=665007"]
[Date "2009.10.9"]
[Round "-"]
[White "XHADREZ1000"]
[Black "KingBurn_Hard"]
[Result "0-1"]
[WhiteElo "1116"]
[BlackElo "1250"]

1. e4 e5 2. Nf3 Nf6 3. d3 Nc6 4. Bg5 h6 5. Bxf6 gxf6 6. Nh4 d5 7. exd5 Qxd5 8.
c4 Qd4 9. Nf3 Bb4+ 10. Nc3 Qf4 11. g3 Qf5 12. a3 Nd4 13. Nxd4 exd4 14. Qe2+ Qe5
15. axb4 dxc3 16. Rb1 c2 17. Rc1 Bg4 18. f4 Qe6 19. Qxe6+ fxe6 20. Rxc2 O-O-O
21. c5 c6 22. h4 Rd4 23. Bg2 Rxd3 24. O-O Rxg3 25. Kh2 Rb3 26. Rd2 Rd8 27. Rd6
Rg8 28. Re1 Bf3 29. Rg1 Rxb2 30. Kh3 Bxg2+ 31. Rxg2 Rbxg2 32. Rd3 e5 33. fxe5
fxe5 34. Re3 Rg1 35. Rxe5 R8g2 36. Re8+ Kd7 37. Re3 b6 38. Rd3+ Ke7 39. Re3+ Kf7
40. Rf3+ Kg7 41. cxb6 axb6 42. h5 c5 43. b5 c4 44. Rc3 Rg5 45. Rxc4 Rh1# 0-1

[Event "Challenge"]
[Site "http://www.queenalice.com/game.php?id=669124"]
[Date "2009.10.18"]
[Round "-"]
[White "cass"]
[Black "KingBurn_Hard"]
[Result "1-0"]
[WhiteElo "1662"]
[BlackElo "1271"]

1. e4 e5 2. Nf3 Nf6 3. d3 c5 4. Nxe5 d6 5. Nc4 b5 6. Nca3 b4 7. Nc4 d5 8. Ne5
dxe4 9. g3 Qd5 10. Nc4 exd3 11. Rg1 Qxc4 12. cxd3 Qe6+ 13. Be3 Qe5 14. d4 Qh5
15. Qa4+ Bd7 16. Bb5 Qxh2 17. Rf1 a6 18. dxc5 Bxb5 19. Qxb4 Qg2 20. Nd2 Nc6 21.
Qf4 O-O-O 22. O-O-O Bxf1 23. Qf5+ Rd7 24. Nxf1 g6 25. Qxf6 Rg8 26. Rxd7 Kxd7 27.
Qxf7+ Ne7 28. Nd2 Qh1+ 29. Kc2 Qd5 30. Qf6 Nc6 31. b3 Nb4+ 32. Kb2 Nd3+ 33. Kb1
Bxc5 34. Nc4 Rf8 35. Qg7+ Rf7 36. Qg8 Qh1+ 37. Kc2 Nb4+ 38. Kb2 1-0

[Event "Challenge"]
[Site "http://www.queenalice.com/game.php?id=669125"]
[Date "2009.10.18"]
[Round "-"]
[White "KingBurn_Hard"]
[Black "cass"]
[Result "0-1"]
[WhiteElo "1191"]
[BlackElo "1596"]

1. c4 e6 2. a4 Nc6 3. b3 Qf6 4. Nc3 Nge7 5. e4 b6 6. g4 Ng6 7. Nb5 Kd8 8. Nf3
Qxa1 9. d4 a6 10. Na3 Bxa3 11. Bxa3 Qxa3 12. d5 Qb4+ 13. Nd2 Nd4 14. Bh3 Nf4 15.
Bf1 Nxb3 16. Qxb3 Qxb3 17. Nxb3 exd5 18. cxd5 Re8 19. Bd3 Nxd3+ 20. Kd2 Nxf2 21.
Rf1 Nxe4+ 22. Kc2 f6 23. Rf4 g5 24. Rf3 Bb7 25. a5 Bxd5 26. Nd2 Nxd2 27. Kxd2
Bxf3 0-1

[Event "Challenge"]
[Site "http://www.queenalice.com/game.php?id=669756"]
[Date "2009.10.20"]
[Round "-"]
[White "kingmartinIII"]
[Black "KingBurn_Hard"]
[Result "0-1"]
[WhiteElo "1481"]
[BlackElo "1191"]

1. e4 c5 2. d4 cxd4 3. Qxd4 Nc6 4. Qd1 e5 5. Bc4 Nf6 6. Bd5 Nb4 7. c3 Na6 8. b4
Qb6 9. Be3 Qd6 10. Nf3 Ng4 11. Bc5 Qg6 12. h3 Nf6 13. Nxe5 Qxg2 14. Ke2 Qg5 15.
Nd2 Qxe5 16. Rc1 d6 17. f3 Nh5 18. Nc4 Qg3 19. Rg1 Nf4+ 20. Ke3 Qh2 21. Rg3 Qxg3
22. Bxd6 Ng2+ 23. Kd3 Bxd6 24. a4 Nf4+ 25. Ke3 Bc7 26. Kd2 Qf2+ 27. Qe2 Qxe2#
0-1

[Event "smoke a fat one"]
[Site "http://www.queenalice.com/game.php?id=672781"]
[Date "2009.10.26"]
[Round "-"]
[White "thedead"]
[Black "KingBurn_Hard"]
[Result "1-0"]
[WhiteElo "1573"]
[BlackElo "1271"]

1. e4 e5 2. Nf3 Nc6 3. d3 d5 4. Nbd2 Nd4 5. Nxe5 f6 6. Nef3 dxe4 7. Nxe4 f5 8.
Ng3 Qe7+ 9. Be2 f4 10. Bxf4 Qc5 11. c3 Nf5 12. Nxf5 Qxf5 13. Bxc7 Qc5 14. Bf4
Qe7 15. O-O Bg4 16. Re1 Qf6 17. Be3 Bd6 18. Ng5 Nh6 19. Bxg4 O-O 20. Ne4 Qg6 21.
Bxh6 Qxh6 22. Nxd6 Qxd6 23. d4 Qf6 24. Bf3 Qh4 25. g3 Qh3 26. Bxb7 Rab8 27. Bg2
Qf5 28. Re2 Rb6 29. Qc2 Re6 30. Be4 Qh5 31. Bxh7+ Qxh7 32. Qxh7+ Kf7 33. Rxe6
Kxe6 34. Qxg7 Rf7 35. Re1+ 1-0

[Event "Challenge"]
[Site "http://www.queenalice.com/game.php?id=685617"]
[Date "2009.11.19"]
[Round "-"]
[White "kingmartinIII"]
[Black "KingBurn_Hard"]
[Result "1-0"]
[WhiteElo "1482"]
[BlackElo "1265"]

1. e4 g5 2. b3 e5 3. Bb2 Nf6 4. Bxe5 Bg7 5. Bc4 O-O 6. Nf3 Nxe4 7. Bxg7 Kxg7 8.
Bd3 g4 9. Ne5 d5 10. O-O Re8 11. Nxg4 f5 12. Ne3 d4 13. Nc4 b5 14. Nb2 Ng5 15.
Bxb5 c6 16. Bc4 Ba6 17. Nd3 Nd7 18. Qh5 Ne5 19. Nf4 Qd6 20. d3 Qe7 21. Nd2 Qb4
22. Qxg5+ Kf8 23. Bxa6 Qxd2 24. Qh6+ Ke7 25. Qxh7+ Kd8 26. Ng6 Qxc2 27. Qb7 Nxg6
28. Qxa8+ Kd7 29. Qb7+ Kd6 30. Rac1 Qxa2 31. Qxc6+ Ke7 32. Qxg6 Rh8 33. Bc4 Rf8
34. Rce1+ Kd8 35. Qe6 1-0

[Event "Challenge"]
[Site "http://www.queenalice.com/game.php?id=718561"]
[Date "2010.1.22"]
[Round "-"]
[White "KingBurn_Hard"]
[Black "Wettkampf"]
[Result "0-1"]
[WhiteElo "1256"]
[BlackElo "1535"]

1. e4 e5 2. Qf3 Qf6 3. Nc3 d6 4. Nd5 Qxf3 5. Nxf3 Kd7 6. d4 exd4 7. Nxd4 c5 8.
Nb5 Na6 9. g3 Nb4 10. Bh3+ Kd8 0-1

[Event "Challenge"]
[Site "http://www.queenalice.com/game.php?id=741036"]
[Date "2010.3.4"]
[Round "-"]
[White "kingmartinIII"]
[Black "KingBurn_Hard"]
[Result "0-1"]
[WhiteElo "1498"]
[BlackElo "1263"]

1. e4 e5 2. Nf3 Qf6 3. d3 Bc5 4. g3 d6 5. h4 Bg4 6. Be2 Nc6 7. Bg5 Qe6 8. O-O
Nd4 9. Nxd4 Bxd4 10. Be3 Bxe2 11. Qxe2 Bxe3 12. Qxe3 Nf6 13. Nc3 Ng4 14. Qe2 h5
15. f3 Nf6 16. Nb5 O-O-O 17. Qe3 d5 18. Qxa7 Qb6+ 19. Qxb6 cxb6 20. exd5 Rxd5
21. c4 Rxd3 22. a4 e4 23. fxe4 Rxg3+ 24. Kf2 Nxe4+ 25. Ke2 Re8 26. Rxf7 Nd6+ 27.
Kf2 Ne4+ 28. Ke2 g5 29. hxg5 Rxg5 30. Rc7+ Kb8 31. Rh1 Ng3+ 32. Kf3 Nxh1 33. Rd7
Rg3+ 34. Kf4 Rg4+ 35. Kf5 Ng3+ 36. Kf6 Rf4+ 37. Kg5 Ref8 38. Nd4 Rg4+ 39. Kh6
Rf6+ 40. Kh7 Nf5 41. Rd8+ Kc7 42. Rg8 Rh6# 0-1

[Event "Challenge"]
[Site "http://www.queenalice.com/game.php?id=761925"]
[Date "2010.4.16"]
[Round "-"]
[White "kingmartinIII"]
[Black "KingBurn_Hard"]
[Result "0-1"]
[WhiteElo "1447"]
[BlackElo "1290"]

1. e4 e5 2. Bc4 Qf6 3. Nf3 Bc5 4. O-O g5 5. g4 Nh6 6. d3 Nxg4 7. Bxg5 Qb6 8. d4
Bxd4 9. Nxd4 exd4 10. h3 Ne5 11. Nd2 Qg6 12. h4 h6 13. Nf3 Nxc4 14. Qxd4 Rh7 15.
Qxc4 hxg5 16. Nxg5 Rxh4 17. Kg2 Qxg5+ 18. Kf3 Qg4+ 19. Ke3 b6 20. f3 Qf4+ 21.
Kd3 Ba6 22. Qxa6 Nxa6 23. c3 Rh2 24. Kc4 Qe5 25. b4 b5+ 26. Kb3 Qe6+ 27. c4
Qxc4+ 28. Ka3 Qc3# 0-1